Control and instrumentation : C and I

Uloženo v:
Podrobná bibliografie
Nový název:Process engineering : strategies for process control and plant management
Médium: Seriál
Jazyk:angličtina
Vydáno: London : Centaur Publishing
Témata:
ISSN:0010-8022, 0370-1859
On-line přístup: Získat plný text
Tagy: Přidat tag
Žádné tagy, Buďte první, kdo vytvoří štítek k tomuto záznamu!

MARC

LEADER 00000nas a2200000 4500
003 SK-BrCVT
005 20220617222511.0
008 060515d19692001xxk e b eng
022 |a 0010-8022 
035 |a CVTIDW1244786 
040 |b slo  |a BA002  |e AACR2 
041 0 |a eng 
044 |a xxk  |c GB 
080 |a 621.317(05)  |2 UDC-MRF 
080 |a 62-52(05)  |2 UDC-MRF 
080 |a 681.5(05)  |2 UDC-MRF 
080 |a 53.08(05)  |2 UDC-MRF 
245 1 0 |a Control and instrumentation :  |b C and I 
260 |a London :  |b Centaur Publishing 
310 |a Mesačník 
500 |a Vo fonde od roku:1969 
500 |a Od č.3/2001 včlenený do čas. Process Engineering, pozri sign. C3695. 
653 1 |a meracia technika  |a meracie prístroje  |a elektrické meracie prístroje  |a regulačná technika  |a technika diaľkového riadenia  |a riadenie  |a regulácia  |a kontrola 
655 4 |a časopisy 
785 0 4 |w 1234851  |t Process engineering : strategies for process control and plant management  |x 0370-1859 
910 |b C5360 
959 |a 22 
959 |a 19 
974 |f Periodiká 
992 |a BCA 
999 |c 151540  |d 151540